|
|
|
|
| LEADER |
00000nab a2200000 a 4500 |
| 001 |
vtls000548093 |
| 003 |
SK-MaSNL |
| 005 |
20260304084904.0 |
| 008 |
250425c1995 xo 0 slo |
| 015 |
|
|
|a SNBRB19rr/mm-uuuuu
|
| 035 |
|
|
|a CL0548231
|
| 035 |
|
|
|a urn:nbn:sk:snk-abe2t
|
| 035 |
|
|
|a (urnnbn)urn:nbn:sk:snk:ar-a03ubt
|
| 035 |
|
|
|a (uuid)0c4a1c2f-8abd-49d1-bdaf-39ca925f270b
|
| 040 |
|
|
|a SNKBUCL
|b slo
|c SNKBUCL
|e AACR2
|
| 041 |
0 |
|
|a eng
|
| 044 |
|
|
|a xo
|c SK
|
| 080 |
|
|
|a 624.012.45
|2 1981
|
| 100 |
1 |
|
|a Hanečka, Karol
|4 aut
|9 622188
|
| 245 |
1 |
0 |
|a Slips of Bars in Reinforced AAC Elements Caused by Change of Relative Humidity
|c Karol Hanečka
|
| 300 |
|
|
|b Obr. 5, tab. 1, res. angl., lit. 4 zázn. v angl.
|
| 650 |
0 |
7 |
|a konštrukcie pórobetónové
|2 snkbucl
|9 1377752
|
| 650 |
0 |
7 |
|a betonárska výstuž
|2 snkbucl
|9 70136
|
| 650 |
0 |
7 |
|a vlhkosť
|2 snkbucl
|9 13483
|
| 655 |
|
7 |
|a články z novín a časopisov
|2 snkbucl
|9 267496
|
| 773 |
0 |
|
|t Building research journal
|g Roč. 43, č. 1 (1995), s. 63-71
|
| 850 |
|
|
|a Slovenská národná knižnica
|
| 852 |
|
|
|a Slovenská národná knižnica
|
| 958 |
|
|
|a article27
|
| 958 |
|
|
|a RK
|
| 958 |
|
|
|a OND
|
| 958 |
|
|
|a EUIPO
|
| 992 |
|
|
|a RBX
|
| 999 |
|
|
|c 2805521
|d 2807451
|